banner-ar

اسس الكيمياء العضوية / (Record no. 30343)

MARC details
000 -الفاتح
حقل البيانات ثابتة الطول 00585nam a2200181Ia 4500
008 - عناصر البيانات ثابتة الطول - معلومات عامة
حقل البيانات ثابتة الطول 140319s9999 xx 000 0 ara d
040 ## - مصدر الفهرسة
وكالة الفهرسة الأصلية GCL /
وكالة النسخ GCL
082 04 - رقم تصنيف ديوى العشرى
رقم التصنيف ع
رقم المادة 547.12
-- و ا
100 1# - المدخل الرئيسى - إسم شخصى
الإسم الشخصى عبدالقادر فطين
245 10 - بيان العنوان
العنوان اسس الكيمياء العضوية /
بيان المسئوليه,etc عبدالقادر فطين
700 1# - المدخل الاضافى - اسم شخصى
الإسم الشخصى فوزى غالى بدار (مراجع)
260 ## - PUBLICATION, DISTRIBUTION, ETC. (IMPRINT)
تاريخ النشر أو التوزيع 1966
300 ## - الوصف المادى
التعداد 521 ص
490 ## - بيان السلسلة
عنوان السلسلة
650 04 - المدخل الاضافى بالموضوع-مصطلح موضوعى
مصطلح موضوعي الكيمياء العضوية
942 ## - عناصر المدخل الإضافي( كوها)
مصدر التصنيف او مخطط الترفيف Dewey Decimal Classification
Koha [default] item type كتاب
260 ## - PUBLICATION, DISTRIBUTION, ETC. (IMPRINT)
-- [S.N] :
-- لجنة الاعلام والدراسات المستقبلية ،
Holdings
حالة التراجع حالة الفقد حالة تلف ليس للاعارة المكان المؤقت الموقع الحالى تاريخ الاكتساب اجمالي اﻻعارات رقم الطلب الباركود تاريخ اخر مشاهدة تاريخ تفعيل السعر نوع وعاء كوها
        مكتبة القاهرة الكبرى مكتبة القاهرة الكبرى 03/26/2014   ع\547.12\و ا 70645 03/26/2014 03/26/2014 كتاب

Powered By

EGPV